| 000 | 01718nab a2200277 a 4500 | ||
|---|---|---|---|
| 005 | 20250218104025.0 | ||
| 008 | 991125c2016 sp fr p o 000 0 spa d | ||
| 035 | _aUPN01000212999 | ||
| 040 |
_aUPN _bspa _cUPN _eaacr2 |
||
| 049 | _aART-E | ||
| 100 | 1 |
_aBlanco Fajardo, Sergio _6- sbf@uma.es |
|
| 245 | 1 | 4 | _aLos consultorios sentimentales de radio durante el primer franquismo. A propósito del programa “Hablando con la Esfinge” (1946-1956) (p. |
| 506 | 0 | _aAcceso abierto | |
| 520 | 3 | _aEn el contexto del primer franquismo, debido a la represión y otros elementos de coerción, se optimizaron los canales de difusión para transmitir el mensaje ideológico-propagandístico que deseaba imponer el Régimen. Los medios de comunicación fueron indispensables para tal fin. La radio, y concretamente, las “emisiones femeninas”, no sólo serán una de las vías de adoctrinamiento de las mujeres en los valores del nacional-catolicismo sino un instrumento para moldear sus conductas y emociones. En este artículo se analiza el potencial del discurso radiofónico en la construcción del modelo normativo de feminidad y de la doble moral, a partir de uno de los consultorios sentimentales femeninos de la época | |
| 650 | 4 |
_aMedios masivos de comunicación _99547 |
|
| 653 | 0 | _aHistoria de las mujeres | |
| 653 | 0 | _aRadio | |
| 653 | 0 | _aProcesos socialización | |
| 653 | 0 | _aConsultorios femeninos | |
| 653 | 0 | _aFranquismo, 1936-1975 | |
| 773 |
_gVol. 23, no. 1 (2016), p. 59-83 _tArenal : revista de historia de las mujeres _x1134-6396 |
||
| 856 | 4 | _uhttps://revistaseug.ugr.es/index.php/arenal/article/view/4997 | |
| 902 | _aGloria Jiménez/180225 | ||
| 905 | _aArticulo | ||
| 942 | _cART-E | ||
| 999 |
_c185099 _d185099 |
||